Socioeconomic Variation in Motivations for Ritual Practice

This paper investigates socioeconomic variation in motivations for ritual practices among Mauritian Hindus. Using cultural domain analysis, we explore individuals’ reported reasons for engaging in a variety of religious rituals. Our findings demonstrate significant intra-cultural diversity driven by...

Full description

Saved in:  
Bibliographic Details
Authors: Xygalatas, Dēmētrēs 1977- (Author) ; Maňo, Peter (Author)
Format: Electronic Article
Language:English
Check availability: HBZ Gateway
Interlibrary Loan:Interlibrary Loan for the Fachinformationsdienste (Specialized Information Services in Germany)
Published: 2024
In: Religions
Year: 2024, Volume: 15, Issue: 12
Further subjects:B Socioeconomic status
B Motivation
B Ritual
B Cognition
Online Access: Volltext (kostenfrei)
Volltext (kostenfrei)

MARC

LEADER 00000caa a22000002c 4500
001 1913245829
003 DE-627
005 20250109091751.0
007 cr uuu---uuuuu
008 241222s2024 xx |||||o 00| ||eng c
024 7 |a 10.3390/rel15121562  |2 doi 
035 |a (DE-627)1913245829 
035 |a (DE-599)KXP1913245829 
040 |a DE-627  |b ger  |c DE-627  |e rda 
041 |a eng 
084 |a 0  |2 ssgn 
100 1 |e VerfasserIn  |0 (DE-588)1044678860  |0 (DE-627)772485917  |0 (DE-576)398044325  |4 aut  |a Xygalatas, Dēmētrēs  |d 1977- 
109 |a Xygalatas, Dēmētrēs 1977-  |a Xygalatas, Dimitris 1977-  |a Xygalatas, Dimitrios 1977- 
245 1 0 |a Socioeconomic Variation in Motivations for Ritual Practice 
264 1 |c 2024 
336 |a Text  |b txt  |2 rdacontent 
337 |a Computermedien  |b c  |2 rdamedia 
338 |a Online-Ressource  |b cr  |2 rdacarrier 
520 |a This paper investigates socioeconomic variation in motivations for ritual practices among Mauritian Hindus. Using cultural domain analysis, we explore individuals’ reported reasons for engaging in a variety of religious rituals. Our findings demonstrate significant intra-cultural diversity driven by social stratification. Specifically, we observe that those of lower social standing appear primarily motivated by existential concerns related to material security and safety, while higher-status individuals view these practices as platforms for personal and social enrichment, as they are more preoccupied with self-actualization, spiritual connection, and social affirmation, reflecting a more abstract engagement with religious practices. Our findings reveal the adaptability of ritual practices to meet a wide range of human needs across varying life circumstances, as rituals can be differentially negotiated by individuals within the same cultural context depending on the specific socioecological niches they occupy. Moreover, they highlight the role of culture as a dynamic and distributed system with important implications for anthropological theory and practice. 
650 4 |a Motivation 
650 4 |a Cognition 
650 4 |a Socioeconomic status 
650 4 |a Ritual 
700 1 |a Maňo, Peter  |e VerfasserIn  |0 (orcid)0000-0003-3961-3157  |4 aut 
773 0 8 |i Enthalten in  |t Religions  |d Basel : MDPI, 2010  |g 15(2024), 12, Artikel-ID 1562  |h Online-Ressource  |w (DE-627)665435797  |w (DE-600)2620962-7  |w (DE-576)348219067  |x 2077-1444  |7 nnas 
773 1 8 |g volume:15  |g year:2024  |g number:12  |g elocationid:1562 
856 |u https://www.mdpi.com/2077-1444/15/12/1562/pdf?version=1734768548  |x unpaywall  |z Vermutlich kostenfreier Zugang  |h publisher [deprecated] 
856 4 0 |u https://doi.org/10.3390/rel15121562  |x Resolving-System  |z kostenfrei  |3 Volltext  |7 0 
856 4 0 |u https://www.mdpi.com/2077-1444/15/12/1562  |x Verlag  |z kostenfrei  |3 Volltext  |7 0 
935 |a mteo 
951 |a AR 
ELC |a 1 
LOK |0 000 xxxxxcx a22 zn 4500 
LOK |0 001 4639517580 
LOK |0 003 DE-627 
LOK |0 004 1913245829 
LOK |0 005 20241222055505 
LOK |0 008 241222||||||||||||||||ger||||||| 
LOK |0 035   |a (DE-Tue135)IxTheo#2024-12-21#E3EF4AE2B755589C238B75548A577417F5A1D6D7 
LOK |0 040   |a DE-Tue135  |c DE-627  |d DE-Tue135 
LOK |0 092   |o n 
LOK |0 852   |a DE-Tue135 
LOK |0 852 1  |9 00 
LOK |0 935   |a ixzs  |a zota 
LOK |0 939   |a 22-12-24  |b l01 
OAS |a 1 
ORI |a SA-MARC-ixtheoa001.raw 
REL |a 1 
STA 0 0 |a Motivation,Ritual,Ritual,Rite,Ritual in art,Rites and ceremonies in literature,Rites and ceremonies in art 
STB 0 0 |a Motivation,Rituel,Rituel 
STC 0 0 |a Motivación,Ritual,Ritual 
STD 0 0 |a Motivazione,Rituale,Rituale 
STE 0 0 |a 仪式,动力,动机,诱因 
STF 0 0 |a 儀式,動力,動機,誘因 
STG 0 0 |a Motivação,Ritual,Ritual 
STH 0 0 |a Мотивация,Ритуал (мотив),Ритуал 
STI 0 0 |a Κίνητρο,Τελετουργία (μοτίβο),Τελετουργία 
SUB |a REL 
SYE 0 0 |a Motiv,Verhalten,Verhaltensmotivation,Selbstmotivation,Selbstmotivierung , Papyrus des Imuthes,Le Papyrus d'Imouthès, fils de Psintaês , Ritus <Soziologie>,Rituale,Ritus,Rituale